1171 1656 1643 1925 1992 1399 1689 1959 1207 1530 1513 1080 1780 1554 1278 1770 1070 1807 1861 1232 1273 1892 1959 1216 1810 1402 1992 1827 1079 1502 1858 1807 1697 1642 1345 1410 1506 1580 1151 1631 1543 1283 1514 1306 1490 1952 1080 1275 1372 1335 1792 1335 1046 1762 1712 1157 1425 1790 1550 1533 1906 1387 1242 1764 1579 1331 1844 1667 1581 1086 1821 1548 1685 1185 1435 1275 1202 1327 1324 1059 1189 1273 1056 1923 1369 1931 1253 1436 1817 1174 1339 1592 1111 1987 1009 1337 1436 1231 1551 BCNSPRNW ULIB Ver.6.0+V

เปลี่ยนเป็นภาษาไทย

Change to English
 แสดงรายละเอียดบรรณานุกรม
  กลับหน้าหลัก

Brief Record : Get Marc (ISO 2709) : E-mail record : QR code < ปิดหน้าต่าง
LEADER : 00000nam 2200000uu 4500
001    13399127742
003     ULIB
008    210518s2557||||th 000 0 tha d
020    ู^a9786163690159
050    ^aนว^bซ119ม^cล.2
100    ^aซ็อลบง
245    ^aมหากาพย์เทพมรณะ เล่ม 2
250    ^aพิมพ์ครั้งที่ 1
260    ^aกรุงเทพฯ :^bสยามอินเตอร์บุ๊คส์,^c2557
300    ^a208 หน้า;^b21 ซม.
650    ^aนวนิยาย
945    ^p200^l0^i008053
999    ^aประนอม เกษจรัล
รายการนี้ยังไม่มีแท็ก
คุณยังไม่ได้ล็อกอิน คุณสามารถมีกิจกรรมร่วมกับเว็บไซต์ได้ แต่ต้องล็อกอินก่อน ::
  ล็อกอิน

รายการสื่อสารสนเทศ

ลำดับที่ ประเภท เลขเรียก/บาร์โค้ด สถานที่ สถานะ
1. นวนิยาย
นวนิยาย
นว ซ119ม ล.2 ฉ.1 
  Barcode: 008053
ห้องสมุดวิทยาเขตนครสวรรค์
►นวนิยาย:l:Fiction
บนชั้น
Note:บริจาค

รายการใกล้เคียง
    ผู้แต่ง [ซ็อลบง]

    หัวเรื่อง [นวนิยาย]

BibComment


ยังไม่เคยถูกคอมเมนท์

คอมเมนท์ทรัพยากรรายการนี้
  คอมเมนท์: มหากาพย์เทพมรณะ ..


 Copyright 2026. Bcnsprnw @Library